Strategické řízení podniku /

Gespeichert in:
Bibliographische Detailangaben
1. Verfasser: Souček, Zdeněk (Verfasst von)
Format: Buch
Veröffentlicht: Praha : Institut řízení, 1989
Tags: Tag hinzufügen
Keine Tags, Fügen Sie das erste Tag hinzu!

MARC

LEADER 00000nam a22000003a 4500
001 stu16640
005 20150617225758.3
008 ------s1989----cs----------------------d
040 |a STU  |b slo 
041 0
044 |a cs 
080 |a 338.244 
100 1 |a Souček, Zdeněk  |4 aut 
245 1 |a Strategické řízení podniku /  |c [aut.]Souček,Zdeněk 
260 |a Praha :  |b Institut řízení,  |c 1989 
300 |a 88 s 
996 |b CB1012  |c C*B1012  |l CCXIV  |s P  |a 0  |w stu16640_0001